000 00734nam a2200253 a 4500
999 _c10882
_d10882
001 10882
003 BD-JhCC
005 20211012134021.0
008 190523b2018 bg |||| ||a| 000 0 ben d
020 _a9789848058244
035 _a(BD-JhCC)10882
040 _aBD-JhCC
_dBD-JhCC
041 _aben
082 _a530
_bRAN 2018
100 _aরনি, আবদুল গাফফার
245 _aপ্যারাডক্স অব ফিজিক্স /
_cআবদুল গাফফার রনি
260 _aঢাকা,
_bতাম্রলিপি;
_c2018.
300 _a127 p. :
_c22 cm.
650 _aPhysics
650 _aMachanics
650 _aRelativity
942 _2ddc
_cBK
_010